BIBLIOTHÈQUE DE LA MAISON DU MEXIQUE

Logo 1 Logo 2

La invasión (notice nᵒ 5420)

détails MARC
000 -Sello discográfico
campo de control de longitud fija 00703nam0a2200253 4500
005 - Identificación de versión
campo de control 20251016082352.0
010 ## - Número Estándar Internacional de Libros (ISBN)
Número (ISBN) 970-770-214-1
035 ## - Otros números de control del sistema
Número de control del sistema 33283
099 ## - fechas locales
Tipo de ítem Koha LIBRO
100 ## - Datos de procesamiento general
Datos de procesamiento general 20111129d2005 m y0spay5003 ba
105 ## - Campo de datos codificados: Material textual, monográfico
Datos codificados de monografía y 001ay
200 1# - Título y mención de responsabilidad
Título propio La invasión
Designación general del material texto impreso
Primer mención de responsabilidad Ignacio Solares
205 ## - Declaración de edición
Declaración de edición 1a ed
210 ## - Publicación, distribución, etc.
Lugar de publicación, distribución, etc. México
Nombre del editor, distribuidor, etc. Alfaguara
Fecha de publicación, distribución, etc. 2005
215 ## - Descripción física
Designación de material específico y extensión del ítem 298 p
Dimensiones 23 cm
345 ## - Nota de información de adquisición
Fuente de adquisición/dirección de la suscripción [OBSOLETO] Donación 'Salon du Livre 2009'
700 ## - Nombre personal - Responsabilidad primaria
Elemento de entrada Solares Bernal
Parte del nombre distinta del elemento de entrada Ignacio
Fechas 1945-
Número Koha 1909
801 #0 - Fuente de origen
País FR
Agencia cm
Reglas de catalogación (convenciones descriptivas) AFNOR
900 ## -
-- 1/20883
942 ## - ELEMENTOS DE ENTRADA SECUNDARIOS (KOHA)
Tipo de ítem Koha Livre
996 ## -
-- MEX
-- 751145101
-- MMAG
-- 000805
-- 863.44 S648IN
-- 20111129LIV
Exemplaires
Estatus retirado Estado de daño Estado de pérdida Fecha de adquisición Biblioteca de origen Biblioteca actual Ubicación en estantería Código de barras Precio de reemplazo Signatura topográfica completa No para préstamo Tipo de ítem Koha Nota pública Nota no pública
      05/08/2025 Casa México Paris Casa México Paris   000805 05/08/2025 863.44 S648IN   Livre 20111129LIV 751145101